| 000 | 00371nam a2200145Ia 4500 | ||
|---|---|---|---|
| 999 |
_c21892 _d21892 |
||
| 082 | _aTR.0144 | ||
| 100 | _aRai, Jagdishwar Prasad | ||
| 245 | 0 | _aSugar belt of U.P. | |
| 260 |
_c1975 _bGorakhpur University |
||
| 300 | _a170p. + C D-3 | ||
| 650 | _aSUGAR FACTORIES - UTTAR PRADESH | ||
| 650 | _aSUGARCANE - UTTAR PRADESH | ||
| 710 | _aSingh, Jagdish | ||
| 942 |
_cTH _2ddc |
||